Central Library OPAC University of Rajshahi

The horsemen / (Record no. 21896)

MARC details
000 -LEADER
fixed length control field 00706nam a22002532a 4500
001 - CONTROL NUMBER
control field 21896
003 - CONTROL NUMBER IDENTIFIER
rucl marc code BD-RjUL
005 - DATE AND TIME OF LATEST TRANSACTION
control field 20211209000737.0
008 - FIXED-LENGTH DATA ELEMENTS--GENERAL INFORMATION
fixed length control field 140305s1968 enk 000 1 eng d
020 ## - INTERNATIONAL STANDARD BOOK NUMBER
International Standard Book Number 0213763028
035 ## - SYSTEM CONTROL NUMBER
System control number (BD-RjUL)21961
040 ## - CATALOGING SOURCE
Original cataloging agency DLC
Transcribing agency DLC
Modifying agency UKM
-- BD-RjUL
Language of cataloging eng
041 1# - LANGUAGE CODE
Language code of text/sound track or separate title engfre
082 ## - DEWEY DECIMAL CLASSIFICATION NUMBER
Classification number 843.91
Edition number 18
Author mark and year KEH 1968
100 1# - MAIN ENTRY--PERSONAL NAME
Personal name Kessel, Joseph,
Dates associated with a name 1898-1979.
Fuller form of name Joseph Kessel.
9 (RLIN) 67602
245 14 - TITLE STATEMENT
Title The horsemen /
Statement of responsibility, etc. translated from the French by Patrick O'Brian
260 ## - PUBLICATION, DISTRIBUTION, ETC. (IMPRINT)
Place of publication, distribution, etc. London :
Name of publisher, distributor, etc. Barker,
Date of publication, distribution, etc. 1968.
300 ## - PHYSICAL DESCRIPTION
Pagination 458 p. :
Size 23 cm
500 ## - GENERAL NOTE
General note Translation of Les Cavaliers
942 ## - ADDED ENTRY ELEMENTS (KOHA)
Source of classification or shelving scheme Dewey Decimal Classification
Koha item type Books
Holdings
Lost status Source of classification or shelving scheme Damaged status Not for loan Collection code Permanent Location Current Location Shelving location Date acquired Source of acquisition Total Checkouts Full call number Date last seen Copy number Koha item type
  Dewey Decimal Classification   Added to bundle Non-fiction Central Library, University of Rajshahi Central Library, University of Rajshahi Reading Room 27/03/1968 Asia foundation   843.91 KEH 1968 05/03/2014 C-1 Books